00352 a2200109 4500001000900000005001700009008004100026245006600067100002000133773007200153999001700225ART_343420260410161714.0260409a 10aLa nueva distribución funcional del ingreso en la Argentina1 aOrsatti, Alvaro0 tDesarrollo económicog- Vol. 23, Nº 91 (oct./dic. 1983)wREV1174 c16386d16386